000 01200nam a22002417a 4500
999 _c77470
_d77470
005 20251125233135.0
008 s2558 th tha d
020 _a9786163014757
040 _aNALT
041 _atha
050 _aDS 571
_bภ493ป 2558
100 0 _aภาสกร วงศ์ตาวัน
_916431
245 1 0 _aประวัติศาสตร์ไทย จากคนไทยทิ้งแผ่นดินถึงยุคการเปลี่ยนแปลงการปกครอง 2475 /
_cภาสกร วงศ์ตาวัน.
250 _aพิมพ์ครั้งที่ 4
260 _aกรุงเทพฯ :
_bยิปซี กรุ๊ป,
_c2558.
300 _a503 หน้า :
_bภาพประกอบ ;
_c25 ซม.
651 4 _976
_aไทย
_xการเมืองและการปกครอง
651 4 _94350
_aไทย
_xประวัติศาสตร์
850 _aNALT
856 4 0 _uhttps://hdl.handle.net/20.500.14156/522565
_71
942 _cGB
_01
_2lcc
998 _j104
_k สายฝน ดีงาม